000
00241nam a2200085Ia 4500
008
120527s9999 xx 000 0 und d
100
_a
HERZAN, Gene
245
_a
Quick action couplings:the tractor to implement hydraulic interface
942
_c
BK
999
_c
25192
_d
25192